"Pravda protyv syly!"

Bibliographic Details
Main Author: Šokalo, Oleksander (Author)
Format: Article
Language:Slovak
Ukrainian
Subjects:

MARC

LEADER 00000nab a2200000 a 4500
001 vtls008951134
003 SK-MaSNL
005 20260304134433.0
008 250505c2006 xo qr p 000 c0slo
015 |a SNBRB2007/03 
035 |a (uuid)2262f990-15ee-496b-a244-97c029703430 
035 |a urn:nbn:sk:snk-abc1ea 
035 |a (urnnbn)urn:nbn:sk:snk:ar-00107a 
038 |a SVKPOCL 
040 |a SNKBUCL  |b slo  |c SNKBUCL  |e AACR2 
041 0 |a ukr 
044 |a xo  |c SK 
080 |a 82.033:821.161.2-1  |2 2001 
080 |a 821.161.2-1  |2 2001 
100 1 |a Šokalo, Oleksander  |4 aut  |9 1364613 
245 1 0 |a "Pravda protyv syly!"  |c Oleksandr Šokalo 
300 |b Fotogr. 
600 1 7 |a Franko, Ivan Jakovyč,  |d 1856-1916  |2 svkpocl  |9 118348 
650 0 7 |a ukrajinská literatúra  |2 svkpocl  |9 1218 
650 0 7 |a ukrajinská poézia  |2 svkpocl  |9 59029 
655 7 |a analýzy  |2 svkpocl  |9 22242 
773 0 |t Duklja  |g Rič. 54 , No 4 (2006), s. 42-47 
850 |a Slovenská národná knižnica 
852 |a Slovenská národná knižnica 
958 |a article15 
958 |a UK 
958 |a LX 
958 |a UA 
958 |a SK 
958 |a OND 
958 |a EUIPO 
999 |c 2906836  |d 2908766